skbl

Dr Suryya Kumar Bhuyan Library Web-OPAC
ডঃ সূৰ্য্য
কুমাৰ ভূঞা পুথিভঁৰাল ৱেব-অ'পেক

All Research Scholars are advised to clear the annual library fees to continue using Library Resources, Remote Access, Plagiarism Test and Library Clearance.

Cotton University Book Fair 2026

Problems Classical Number Theory (Record no. 67344)

MARC details
000 -LEADER
fixed length control field 00462nam a22001697a 4500
003 - CONTROL NUMBER IDENTIFIER
control field OSt
005 - DATE AND TIME OF LATEST TRANSACTION
control field 20240426130010.0
008 - FIXED-LENGTH DATA ELEMENTS--GENERAL INFORMATION
fixed length control field 240426b |||||||| |||| 00| 0 eng d
020 ## - INTERNATIONAL STANDARD BOOK NUMBER
International Standard Book Number 9780821868881
040 ## - CATALOGING SOURCE
Transcribing agency skbl cu
050 ## - LIBRARY OF CONGRESS CALL NUMBER
Classification number 512.7
Item number 1
082 ## - DEWEY DECIMAL CLASSIFICATION NUMBER
Edition number 22nd edn
Classification number 512.7
245 ## - TITLE STATEMENT
Title Problems Classical Number Theory
Statement of responsibility, etc. Jean- Marie De Koninck and Armel Mercier
Medium English
260 ## - PUBLICATION, DISTRIBUTION, ETC.
Place of publication, distribution, etc. Hyderabad
Name of publisher, distributor, etc. University Press
Date of publication, distribution, etc. 2024
300 ## - PHYSICAL DESCRIPTION
Dimensions 23cm
942 ## - ADDED ENTRY ELEMENTS (KOHA)
Source of classification or shelving scheme Dewey Decimal Classification
Koha item type Books
Suppress in OPAC Yes
Holdings
Withdrawn status Lost status Source of classification or shelving scheme Damaged status Not for loan Home library Current library Shelving location Date acquired Total checkouts Full call number Barcode Date last seen Price effective from Koha item type
    Dewey Decimal Classification     Dr. Suryya Kumar Bhuyan Library Dr. Suryya Kumar Bhuyan Library Science Section 26/04/2024   512.7 Ko 847 Pr 7050/gift 26/04/2024 26/04/2024 Books

Designed and Maintained by Team SKBL
©1901-2026

Powered by Koha